000 00452nam a2200193Ia 4500
005 20240823045718.0
008 240823s9999||||xx |||||||||||||| ||und||
020 _a978-81-8355-335-3
041 _aENGLISH
082 _A620.11 P9
100 _aG K Publishers
245 0 _aStrength of Materials
250 _a1st
260 _c2009
_bG K Publisher
500 _aYES
650 _aStrength of Materials
_bCivil
942 _cBK
999 _c215593
_d215593